000 01106nam a2200301 4500
001 0000021039
003 CO-CtgCURN
005 20250512231843.0
007 ta
008 160627s2004 000 0 eng d
020 _a6586531023
040 _aCO-CtgCURN
_bspa
_ccoctgcurn
082 0 _a344.01
_bC718c
110 2 _aColombia.
245 1 0 _aCódigo sustantivo del trabajo y Código procesal del trabajo y de la seguridad social.
250 _a14a ed.
260 _aBogotá :
_bLegis,
_c2004.
300 _a418 p.
336 _2rdacontent
337 _2rdamedia
_asin mediacion
_bn
338 _2rdacarrier
_avolumen
_bnc
490 1 _aCódigos basicos
505 8 _aDerecho individual del trabajo.--Periodo de prueba y aprendizaje.--Salario.--Jornadas de trabajo.--Descansos obligatorios.--Código sustantivo del Trabajo.--Derecho colectivo del Trabajo.--Código procesal del trabajo y de la Seguridad Social
650 1 4 _aContratos de trabajo.
908 _a160627
942 _cBK
_h344.01
_iC718c
_2ddc
_n0
999 _c19561
_d19561